|
|
|
|
| LEADER |
01184nam a2200301 i 4500 |
| 001 |
c000321856 |
| 003 |
CARM |
| 005 |
00000000000000.0 |
| 008 |
751218s1975 sp b 00000 spa |
| 010 |
|
|
|a 75521407 //r972
|
| 015 |
|
|
|a Sp***
|
| 019 |
1 |
|
|a 305242
|5 LACONCORD2021
|
| 020 |
|
|
|a 8432076392
|
| 035 |
|
|
|a (OCoLC)1992483
|5 LACONCORD2021
|
| 050 |
0 |
0 |
|a PN1631
|b .S46
|
| 245 |
0 |
0 |
|a Semiología del teatro /
|c Francisco R. Adrados ... /et al.] ; textos seleccionados por José M.a Díez Borque y Luciano García Lorenzo.
|
| 260 |
|
|
|a Barcelona :
|b Editorial Planeta,
|c c1975.
|
| 300 |
|
|
|a 333 p. :
|b graphs ;
|c 22 cm.
|
| 490 |
0 |
|
|a Ensayos/Planeta de lingüística y crítica literaria ;
|v 39
|
| 504 |
|
|
|a Includes bibliographical references.
|
| 650 |
|
0 |
|a Drama.
|
| 650 |
|
0 |
|a Semiotics.
|
| 700 |
1 |
|
|a Adrados, Francisco Rodríguez,
|d 1922-
|
| 700 |
2 |
|
|a Díez Borque, José María,
|d 1947-
|
| 700 |
2 |
|
|a García Lorenzo, Luciano,
|d 1943-
|
| 852 |
8 |
|
|b CARM
|h A1:AP28G0
|i B07984
|p 0355204
|f BK
|
| 999 |
f |
f |
|i 1b1eb9d5-5b21-5de8-b08b-01a609b8da93
|s b0858883-36fb-5c07-8b14-06eb8dbe3461
|
| 952 |
f |
f |
|p Can circulate
|a CAVAL
|b CAVAL
|c CAVAL
|d CARM 1 Store
|e B07984
|f A1:AP28G0
|h Other scheme
|i book
|m 0355204
|